[Event "Bremen Silvester op-A"]
[Site "Bremen"]
[Date "2022.12.27"]
[Round "2"]
[White "Roth, Thorsten"]
[Black "Frischmann, Lucas"]
[Result "0-1"]
[WhiteElo "2082"]
[BlackElo "1719"]
[PlyCount "52"]
[EventDate "2022.12.27"]
[EventType "swiss"]
[EventRounds "7"]
[EventCountry "GER"]
[SourceTitle "CBM 211 Extra"]
[Source "ChessBase"]
[SourceDate "2023.01.31"]
[SourceVersion "1"]
[SourceVersionDate "2023.01.31"]
[SourceQuality "1"]

1. d4 d5 2. c4 e6 3. Nf3 Nf6 4. g3 Be7 5. Bg2 0-0 6. 0-0 c6 7. Nc3 Nbd7 8. Qd3 b6 9. Rd1 Bb7 10. e4 dxe4 11. Nxe4 Nxe4 12. Qxe4 Nf6 13. Qc2 Qc7 14. Bf4 Bd6 15. Bxd6 Qxd6 16. Ne5 Rac8 17. Qc3 Rfd8 18. Rd2 Qe7 19. Rad1 h6 20. b4 Qc7 21. Qe3 Ne8 22. c5 Nf6 23. Nc4 Ba6 24. Nd6 Rb8 25. Qa3 Bb5 26. Rc1 Rd7 0-1

[Event "DSOL 05 Liga Gr-C 1st"]
[Site "Playchess.com INT"]
[Date "2020.07.20"]
[Round "5.2"]
[White "Frischmann, Lucas"]
[Black "Hoke, Adrian Neo"]
[Result "1-0"]
[WhiteElo "1631"]
[BlackElo "1677"]
[PlyCount "109"]
[EventDate "2020.06.22"]
[EventType "team-tourn (rapid)"]
[EventCountry "GER"]
[SourceTitle "EXT 2021"]
[Source "ChessBase"]
[SourceDate "2020.10.23"]
[SourceVersion "1"]
[SourceVersionDate "2020.10.23"]
[SourceQuality "1"]
[WhiteTeam "Zwickau"]
[BlackTeam "Gottingen Rot-Weiss II"]
[WhiteTeamCountry "GER"]
[BlackTeamCountry "GER"]

1. c4 e5 2. g3 Nf6 3. Bg2 c6 4. d4 exd4 5. Qxd4 Be7 6. Nf3 0-0 7. 0-0 d5 8. cxd5 Nxd5 9. Nc3 Bf6 10. Qc4 Nxc3 11. bxc3 Be6 12. Qb4 Qb6 13. Ba3 Nd7 14. Qxb6 axb6 15. Bxf8 Kxf8 16. Rfc1 Rxa2 17. Rxa2 Bxa2 18. Nd4 Bc4 19. e3 Nc5 20. Ra1 Ke7 21. Ra7 Kd6 22. Bh3 g6 23. f4 Kc7 24. Bg2 Ba6 25. Ra8 h5 26. Rf8 Bc4 27. Bf1 Nd7 28. Ra8 Bxf1 29. Kxf1 b5 30. Ke2 b6 31. Ra7+ Kd6 32. e4 Bxd4 33. cxd4 b4 34. Kd3 b5 35. Rb7 c5 36. Rxb5 cxd4 37. Kxd4 Ke6 38. Rxb4 Nf6 39. h3 Ke7 40. Rb6 Ne8 41. Ke5 f6+ 42. Kd4 Kf7 43. e5 Ke7 44. g4 hxg4 45. hxg4 Kf7 46. Ke4 Ke7 47. Rb7+ Kf8 48. Rb8 Ke7 49. Rxe8+ Kxe8 50. exf6 Kf7 51. g5 Ke6 52. f5+ gxf5+ 53. Kf4 Kf7 54. Kxf5 Kf8 55. Ke6 1-0